Alcohol-dependencia
Gorde:
| Egile nagusia: | |
|---|---|
| Formatua: | Liburua |
| Hizkuntza: | gaztelania |
| Argitaratua: |
Madrid
Pirámide
1981
|
| Saila: | Ciencias Médicas. Series Psiquiatría en la Sociedad
|
| Gaiak: | |
| Etiketak: |
Etiketa erantsi
Etiketarik gabe, Izan zaitez lehena erregistro honi etiketa jartzen!
|
MARC
| LEADER | 00000nam a2200000 a 4500 | ||
|---|---|---|---|
| 001 | UCZ8171 | ||
| 003 | CL-VaPUC | ||
| 008 | 960112e19810000SP |||||||||||||||||spa|d | ||
| 082 | 0 | 4 | |a 362.292 |b ALO |2 21 |
| 100 | 0 | |a Alonso Fernández, Francisco |e author |9 353369 | |
| 245 | 1 | 0 | |a Alcohol-dependencia |
| 300 | |a 239 p | ||
| 942 | |c BK | ||
| 945 | |d 19960112 00:00:00 |a lriquelm | ||
| 260 | |a Madrid |b Pirámide |c 1981 | ||
| 650 | 0 | |a Alcoholismo |9 259651 | |
| 650 | 0 | |a Problemas sociales |9 258537 | |
| 650 | 0 | |a Enfermedades |9 263059 | |
| 650 | 0 | |a Adicción |9 337026 | |
| 650 | 7 | |a PSICOSIS ORGANICAS |2 CL-VaPUC |9 335133 | |
| 650 | 0 | |a Psicología aplicada |9 270762 | |
| 650 | 0 | |a Familias |9 255641 | |
| 650 | 0 | |a Vida familiar |9 308049 | |
| 650 | 0 | |a Sociología |9 255410 | |
| 650 | 0 | |a Ciencias sociales |v Investigación |9 307767 | |
| 651 | 0 | |a España |9 254926 | |
| 583 | |a last modification |c 19960112 00:00:00 |k Rodrigo Vera | ||
| 490 | 0 | |a Ciencias Médicas. Series Psiquiatría en la Sociedad | |
| 999 | |c 244123 |d 244121 | ||
| 952 | |0 0 |1 0 |4 0 |6 362_292000000000000_ALO_1981 |7 0 |8 P |9 258076 |a BIBEDU |b BIBEDU |c BIBEDU_PB |d 2019-11-19 |i 1617842 |o 362.292 ALO 1981 |p 1617842 |r 2024-01-25 |w 2019-11-19 |y BK |k EDU | ||